000 00869nam a22002897a 4500
003 CHAP
005 20220817042824.0
008 971013s1981 r 00010 d
010 _a56799
011 _a57771
035 _a61926
040 _cCHAP
082 _a631.585
_bS24Y
100 0 0 _aSchubert, Margot.
_9103199
245 _aManual práctico de hidrocultivo
260 _aBarcelona :
_bOmega,
_c1981
300 _a226 p.
_b: ilus.
590 _aBATCH-UPD
_b10
_c20130110
_lUCH01
_h0705
590 _aBATCH-UPD
_b10
_c20130914
_lUCH01
_h1616
590 _aCONVERSION
_b10
_c20130109
_lUCH01
_h1331
650 1 4 _aHidroponía.
_955280
650 1 4 _aPlantas ornamentales.
901 _aBK
942 _cLIBRO
949 _a631.585 S24Y
_bBC
_cLIBRO
_d-132870
_eLIBRO
_fc.2
_h60224
_i61926
_si
949 _a631.585 S24Y
_bBC
_cLIBRO
_d33724000929980
_eLIBRO
_h60223
_i61926
_si
999 _c56799
_d56799